Statistiken für Nächste Kantonshauptorte zu Basel

Klicken Sie hier um das Quiz zu spielen!

Allgemein

  • Dieses Quiz wurde 55 mal gespielt
  • Das Durchschnittsergebnis liegt bei 6 aus 10

Antwortstatistiken

kmHauptort% Korrekt
59Bern
83%
65Zürich
81%
34Aarau
78%
6Liestal
69%
33Solothurn
69%
21Delémont
58%
67Luzern
47%
68Neuchâtel
44%
70Schaffhausen
36%
75Zug
19%

Verteilung der Resultate

Perzentil nach korrekt beantworteten Fragen

Anzahl Personen mit jedem Resultat

Ihre Resultats-Entwicklung

Sie haben dieses Quiz noch nicht gespielt